Probability and statistics for the engineering, computing, and physical sciences / (Record no. 12094)
[ view plain ]
| 000 -LEADER | |
|---|---|
| fixed length control field | 00451cam a2200157ua 4500 |
| 003 - CONTROL NUMBER IDENTIFIER | |
| control field | OSt |
| 008 - FIXED-LENGTH DATA ELEMENTS--GENERAL INFORMATION | |
| fixed length control field | 250804b |||||||| |||| 00| 0 eng d |
| 020 ## - INTERNATIONAL STANDARD BOOK NUMBER | |
| ISBN | 9780137119950 |
| 041 ## - LANGUAGE CODE | |
| Language code of text/sound track or separate title | eng |
| 082 ## - DEWEY DECIMAL CLASSIFICATION NUMBER | |
| Classification number | 519.25 |
| Item number | DOU/PR |
| 100 ## - MAIN ENTRY--AUTHOR NAME | |
| Personal name | Dougherty, Edward R . |
| 245 ## - TITLE STATEMENT | |
| Title | Probability and statistics for the engineering, computing, and physical sciences / |
| 260 ## - PUBLICATION, DISTRIBUTION, ETC. (IMPRINT) | |
| Place of publication | New Jersey : |
| Name of publisher | Prentice Hall Inc , |
| Year of publication | 1990. |
| 300 ## - PHYSICAL DESCRIPTION | |
| Number of Pages | 800 ; . |
| 942 ## - ADDED ENTRY ELEMENTS (KOHA) | |
| Koha item type | Books |
| Withdrawn status | Lost status | Damaged status | Home library | Current library | Date acquired | Full call number | Accession Number | Koha item type |
|---|---|---|---|---|---|---|---|---|
| KAUAET | KAUAET | 07/04/2012 | 519.25 DOU/PR | 18090 | Books |
